000 01752cam a2200529 i 4500
001 1577
003 KOSZ 005
005 20250715142439.0
008 250715s1980 pl a f 001 0 pol
015 _aUWD 1981/1166
020 _a830100097X
035 _a991012469169705066
035 _a(PL-WaBN)b13374977-48omnis_nlop
035 _ab13374977
035 _a(OCoLC)830250775
035 _azz2004918133
035 _a(UJ)vtls000130652
035 _a(PL)b0000001337497
035 _a(EXLNZ-48OMNIS_NETWORK)9910118359905606
040 _aWA N
_cWA N
_dKOSZ 005/RW
046 _k1971
080 _a536.7
080 _a(075.8)
100 1 _aSzargut, Jan
_d(1923-2017)
_eAutor
245 1 0 _aTermodynamika /
_cJan Szargut.
250 _aWydanie 4 uzupełnione i poprawione.
260 _aWarszawa :
_bPaństwowe Wydawnictwo Naukowe,
_c1980.
300 _a336 stron, [4] karty tablic :
_bilustracje, tabele, wykresy ;
_c24 cm.
336 _aTekst
_btxt
_2rdacontent
337 _aBez urządzenia pośredniczącego
_bn
_2rdamedia
338 _aWolumin
_bnc
_2rdacarrier
380 _aKsiążki
380 _aPublikacje dydaktyczne
380 _aPublikacje naukowe
385 _mPoziom nauczania
_aSzkoły wyższe
388 1 _a1901-2000
388 1 _a1945-1989
504 _aBibliografia na stronie 330. Indeks.
521 8 _aDla wydziałów mechanicznych politechnik.
650 7 _aTermodynamika
_2DBN
655 7 _aPodręczniki akademickie
_2DBN
658 _aFizyka i astronomia
710 2 _aPaństwowe Wydawnictwo Naukowe
_4pbl
856 _uhttps://koha.tu.koszalin.pl/cgi-bin/koha/opac-detail.pl?biblionumber=1577
_yKatalog online BPK
942 _2UKD
_cKS
999 _c1577
_d1577